01535nam a2200337Ia 450000500170000000800410001702000180005804100080007608200190008410000240010324501460012725000230027326400250029630000760032133600270039733700330042433800280045749000950048550000810058050000660066152100380072765000560076565000420082165000560086365000550091965000460097465000620102065000480108270000320113004000350116220220317001930.0181205s9999 xx 000 0 und d a9789587716825 aspa04a510.0711bR64m1 aRojas Cortes, Lucio10aMatemáticas básicas : con aplicaciones a la ingenieríacLucio Rojas Cortés, Arturo Ramírez Baracaldo, Luis Enrique Rojas Cárdenas aEdición especial1 aBogotábEcoec2018 axix, 493 páginasbilustraciones, gráficos en blanco y negroc24 cm. 2rdacontentatextobtxt 2rdamediaasin mediaciónbn 2rdacarrieravolumenbnc aPlan Nacional de Lectura y Escritura Leer es mi Cuento : ciencias básicas. Matemáticas aIncluye respuestas a los ejercicios e índice temático al final del texto aIncluye datos biográficos de los autores al final del texto aRecomendado para público adulto142LEMBaCoordenadas cartesianasxEnseñanza superior142LEMBaFuncionesxEnseñanza superior142LEMBaGeometría analíticaxEnseñanza superior142LEMBaGeometría euclidianaxEnseñanza superior142LEMBaMatemáticasxEnseñanza superior142LEMBaMatemáticas para ingenierosxEnseñanza superior142LEMBaTrigonometríaxEnseñanza superior1 aRamírez Baracaldo, Arturo aCO-BoRNBPbspaerdacCO-BoRNBP